[Event "34th European Club Cup 2018"]
[Site "Halkidiki"]
[Date "2018.10.12"]
[Round "1"]
[White "Van Beek, Alexander"]
[Black "Karavitaki, Evaggelia"]
[Result "1-0"]
[WhiteElo "2281"]
[BlackElo "1828"]
[Annotator "RC"]
[PlyCount "103"]
[EventDate "2018.10.12"]
[EventType "team-tourn"]
[EventCountry "GRE"]
[SourceTitle "playchess.com"]
[Source "ChessBase"]
[SourceQuality "1"]
[WhiteTeam "BSG"]
[BlackTeam "Chania CA"]

1. d4 Nf6 2. c4 g6 3. Nf3 Bg7 4. e3 O-O 5. Be2 d6 6. O-O c5 7. b3 a6 8. Nc3 Bf5 9. Bb2 Ne4 10. Qc1 Nxc3 11. Bxc3 Bd7 12. Qb2 cxd4 13. exd4 b5 14. d5 Bxc3 15. Qxc3 bxc4 16. Bxc4 e5 17. dxe6 Bxe6 18. Rfd1 Qc7 19. Rac1 Bxc4 20. Qxc4 Qxc4 21. Rxc4 Rd8 22. Rcd4 Nc6 23. Rxd6 Rxd6 24. Rxd6 Rc8 25. Kf1 Kf8 26. Rd7 h6 27. Ke2 Ke8 28. Rd2 Ke7 29. h4 a5 30. h5 Kf6 31. hxg6 fxg6 32. Rd6+ Kg7 33. Kd2 h5 34. a3 Kh7 35. Ng5+ Kg7 36. Ne6+ Kh7 37. Nf4 Ne5 38. Rd5 Rf8 39. Rxe5 Rxf4 40. Ke3 Rg4 41. g3 a4 42. b4 h4 43. Re4 Rg5 44. gxh4 Rg1 45. Re7+ Kh6 46. Ra7 Rb1 47. Rxa4 Rb3+ 48. Kf4 Kg7 49. Kg5 Rf3 50. Ra7+ Kf8 51. Kxg6 Rxf2 52. b5 1-0

[Event "34th European Club Cup 2018"]
[Site "Halkidiki"]
[Date "2018.10.12"]
[Round "1"]
[White "Gibicar, Danijel"]
[Black "Thorfinnsson, Bragi"]
[Result "0-1"]
[WhiteElo "2279"]
[BlackElo "2433"]
[Annotator "TA"]
[PlyCount "94"]
[EventDate "2018.10.12"]
[EventType "team-tourn"]
[EventCountry "GRE"]
[SourceTitle "playchess.com"]
[Source "ChessBase"]
[SourceQuality "1"]
[WhiteTeam "Echternach"]
[BlackTeam "Reykjavik"]

1. e4 c5 2. Nf3 e6 3. Nc3 a6 4. d4 cxd4 5. Nxd4 Qc7 6. Bd3 Bc5 7. Nb3 Be7 8. Be3 b5 9. Qe2 Bb7 10. f4 d6 11. a3 Nf6 12. O-O h5 13. Kh1 h4 14. f5 e5 15. Bg5 Nh5 16. Be3 Nd7 17. Rad1 Nhf6 18. Qf3 Rc8 19. Rfe1 Nb6 20. Bxb6 Qxb6 21. Nd5 Bxd5 22. exd5 Nh5 23. Qe3 Bd8 24. Nd4 Kf8 25. Nf3 Qxe3 26. Rxe3 Nf6 27. h3 Nxd5 28. Ree1 Nf4 29. Be4 Rh6 30. c3 a5 31. Bb7 Rb8 32. Bc6 Be7 33. Re4 Nh5 34. Kh2 Ng3 35. Re3 Nxf5 36. Red3 Rb6 37. Bd7 e4 38. R3d2 Ne3 39. Re1 Nc4 40. Rde2 d5 41. Nd4 Bd6+ 42. Kg1 Bc5 43. Rd1 Ne5 44. Bc8 Rb8 45. Bg4 Nd3 46. Kh1 Bxd4 47. cxd4 Rc6 0-1

[Event "34th European Club Cup 2018"]
[Site "Halkidiki"]
[Date "2018.10.12"]
[Round "1"]
[White "Nikolic, Milos"]
[Black "Mikhalevski, Victor"]
[Result "0-1"]
[WhiteElo "2279"]
[BlackElo "2565"]
[Annotator "TA"]
[PlyCount "160"]
[EventDate "2018.10.12"]
[EventType "team-tourn"]
[EventCountry "GRE"]
[SourceTitle "playchess.com"]
[Source "ChessBase"]
[SourceQuality "1"]
[WhiteTeam "Partizan"]
[BlackTeam "Beer Sheva"]

1. e4 e5 2. Nf3 Nc6 3. Bb5 g6 4. d4 exd4 5. Bg5 Be7 6. Bf4 a6 7. Bxc6 dxc6 8. Qxd4 Nf6 9. Nc3 O-O 10. O-O-O Qxd4 11. Nxd4 Ne8 12. h4 h5 13. e5 f6 14. Ne4 fxe5 15. Bxe5 c5 16. Ne2 Bf5 17. N2g3 Be6 18. f3 a5 19. a3 Ra6 20. Ng5 Bc8 21. N3e4 Rc6 22. Rhe1 Ng7 23. Nc3 Nf5 24. Nd5 Bd8 25. g3 b5 26. b3 Bb7 27. Kb2 Nh6 28. Nf4 Bc8 29. c4 bxc4 30. bxc4 Nf7 31. Nxf7 Kxf7 32. Nd5 a4 33. Kc3 Re8 34. Bf4 Rxe1 35. Rxe1 Be6 36. Bg5 Bxg5 37. hxg5 Bxd5 38. cxd5 Rb6 39. Kc4 Rb3 40. Kxc5 Rxa3 41. Kc6 Rd3 42. f4 a3 43. Re2 Kf8 44. Ra2 Ke7 45. Re2+ Kd8 46. Rc2 Rb3 47. Kc5 Kd7 48. Kd4 Rb2 49. Rc3 Rb4+ 50. Ke5 Ra4 51. Rc1 a2 52. Ra1 Ke7 53. f5 gxf5 54. Kxf5 Kf7 55. g6+ Kg7 56. Kg5 Ra5 57. Kxh5 Rxd5+ 58. Kg4 Ra5 59. Kf3 Kxg6 60. Ke3 Kg5 61. Kd3 Kg4 62. Kc3 Kxg3 63. Kb4 Ra7 64. Kc3 Kf2 65. Kd2 Ra3 66. Kc2 Ke2 67. Kb2 Ra6 68. Kc3 c6 69. Kc2 Ra8 70. Kc3 Ra7 71. Kc2 Ke3 72. Kc3 Ke4 73. Kc4 Ra6 74. Re1+ Kf5 75. Ra1 Ke6 76. Kc5 Kd7 77. Rd1+ Kc7 78. Ra1 Ra4 79. Rg1 Ra5+ 80. Kb4 a1=Q 0-1

[Event "34th European Club Cup 2018"]
[Site "Halkidiki"]
[Date "2018.10.12"]
[Round "1"]
[White "Hasenohr, Benedict"]
[Black "Nilsson, Lars Kjoller"]
[Result "1-0"]
[WhiteElo "2277"]
[BlackElo "1948"]
[Annotator "TA"]
[PlyCount "103"]
[EventDate "2018.10.12"]
[EventType "team-tourn"]
[EventCountry "GRE"]
[SourceTitle "playchess.com"]
[Source "ChessBase"]
[SourceQuality "1"]
[WhiteTeam "Winterthur"]
[BlackTeam "Hillerod"]

1. d4 Nf6 2. c4 e6 3. Nc3 Bb4 4. Qc2 Nc6 5. Nf3 d6 6. Bd2 O-O 7. a3 Bxc3 8. Bxc3 Re8 9. Rd1 Bd7 10. b4 d5 11. e3 Ne7 12. c5 Ng6 13. h4 Nf8 14. b5 Re7 15. Bb4 c6 16. a4 Re8 17. Bd3 Ne4 18. Ne5 f6 19. Nxd7 Qxd7 20. bxc6 Qxc6 21. Bb5 Qc7 22. Bxe8 Rxe8 23. f3 Ng3 24. Rh3 Nf5 25. Kf2 Nd6 26. Qe2 Nc4 27. Rhh1 f5 28. Bc3 Nd7 29. Rb1 b6 30. cxb6 axb6 31. g3 Ra8 32. Ra1 Qc6 33. Qc2 Nf6 34. Bb4 Qe8 35. Rhb1 Qb8 36. Qb3 Nh5 37. Rg1 Nf6 38. Be7 Kf7 39. Bxf6 Kxf6 40. Kg2 Ra7 41. e4 f4 42. e5+ Kf7 43. gxf4 Qe8 44. Kf2 Kg8 45. Qb5 Qh5 46. Rg4 Kf7 47. Qb1 Kg8 48. a5 Rxa5 49. Rxa5 bxa5 50. Qb8+ Kf7 51. Qc7+ Ke8 52. Qc8+ 1-0

[Event "34th European Club Cup 2018"]
[Site "Halkidiki"]
[Date "2018.10.12"]
[Round "1"]
[White "Storme, Isak"]
[Black "Adams, Philip"]
[Result "1-0"]
[WhiteElo "2276"]
[BlackElo "1980"]
[Annotator "NA"]
[PlyCount "49"]
[EventDate "2018.10.12"]
[EventType "team-tourn"]
[EventCountry "GRE"]
[SourceTitle "playchess.com"]
[Source "ChessBase"]
[SourceQuality "1"]
[WhiteTeam "SK Oslo"]
[BlackTeam "Oldham"]

1. d4 Nf6 2. c4 g6 3. Nc3 Bg7 4. e4 d6 5. h3 O-O 6. Be3 e5 7. d5 a5 8. Nge2 Na6 9. g4 Nc5 10. Ng3 Bd7 11. Qd2 a4 12. Be2 c6 13. g5 Ne8 14. h4 Qa5 15. h5 Nc7 16. h6 Bh8 17. dxc6 Bxc6 18. O-O Rfd8 19. Rfd1 N7e6 20. Bg4 Nd4 21. f4 a3 22. b3 Bd7 23. f5 gxf5 24. exf5 Bxf5 25. Nxf5 1-0

[Event "34th European Club Cup 2018"]
[Site "Halkidiki"]
[Date "2018.10.12"]
[Round "1"]
[White "Willow, Jonah B"]
[Black "Burke, Kevin A."]
[Result "1-0"]
[WhiteElo "2271"]
[BlackElo "1768"]
[Annotator "NA"]
[PlyCount "75"]
[EventDate "2018.10.12"]
[EventType "team-tourn"]
[EventCountry "GRE"]
[SourceTitle "playchess.com"]
[Source "ChessBase"]
[SourceQuality "1"]
[WhiteTeam "Wood Green"]
[BlackTeam "St Benildus"]

1. e4 e6 2. d3 d5 3. Nd2 c5 4. g3 Nc6 5. Bg2 Nf6 6. Ngf3 Be7 7. O-O O-O 8. e5 Nd7 9. Re1 b5 10. Nf1 a5 11. h4 Qc7 12. Bf4 c4 13. d4 b4 14. Ne3 a4 15. h5 h6 16. Ng4 Kh7 17. Qd2 Rh8 18. Nh4 Bf8 19. c3 Nb6 20. Bxh6 Kg8 21. Qg5 Rxh6 22. Nxh6+ Kh7 23. Ng6 Bb7 24. Nxf8+ Rxf8 25. Ng4 Qd8 26. Qf4 a3 27. bxa3 bxc3 28. h6 g6 29. Nf6+ Kh8 30. Rab1 Bc8 31. Rxb6 Qxb6 32. Nd7 Qd8 33. Nxf8 Qxf8 34. Bxd5 exd5 35. Qf6+ Kh7 36. Qxc6 Be6 37. Qa4 Qb8 38. Qb4 1-0

[Event "34th European Club Cup 2018"]
[Site "Halkidiki"]
[Date "2018.10.12"]
[Round "1"]
[White "Thorarinsson, Pall A."]
[Black "Swinkels, Robin"]
[Result "0-1"]
[WhiteElo "2270"]
[BlackElo "2486"]
[Annotator "TA"]
[PlyCount "66"]
[EventDate "2018.10.12"]
[EventType "team-tourn"]
[EventCountry "GRE"]
[SourceTitle "playchess.com"]
[Source "ChessBase"]
[SourceQuality "1"]
[WhiteTeam "Viking CC"]
[BlackTeam "Aachen"]

1. d4 Nf6 2. Nf3 d5 3. c4 e6 4. Nc3 c6 5. Bg5 h6 6. Bxf6 Qxf6 7. e3 g6 8. Bd3 Bg7 9. O-O O-O 10. b4 Nd7 11. cxd5 exd5 12. b5 Qd6 13. bxc6 bxc6 14. Rc1 c5 15. Nb5 Qb6 16. dxc5 Nxc5 17. Be2 Bb7 18. Nc3 Ne4 19. Na4 Qa5 20. Nd4 Rac8 21. Rb1 Ba6 22. Bxa6 Qxa6 23. Rb4 Rfd8 24. g3 h5 25. h4 Bf8 26. Rb1 Rc4 27. Nb2 Rb4 28. a3 Rbb8 29. Qd3 Qxa3 30. Qxa3 Bxa3 31. Nc6 Nd2 32. Nxb8 Rxb8 33. Nc4 Nxb1 0-1

[Event "34th European Club Cup 2018"]
[Site "Halkidiki"]
[Date "2018.10.12"]
[Round "1"]
[White "Papadimitriou, Athanasios"]
[Black "Hajra, Driton"]
[Result "1-0"]
[WhiteElo "2265"]
[BlackElo "1978"]
[Annotator "TA"]
[PlyCount "104"]
[EventDate "2018.10.12"]
[EventType "team-tourn"]
[EventCountry "GRE"]
[SourceTitle "playchess.com"]
[Source "ChessBase"]
[SourceQuality "1"]
[WhiteTeam "Thessalonikis"]
[BlackTeam "Drejtesia"]

1. Nf3 c5 2. g3 Nf6 3. Bg2 g6 4. O-O Bg7 5. c4 Nc6 6. Nc3 O-O 7. d4 Nxd4 8. Nxd4 cxd4 9. Qxd4 d6 10. b3 Be6 11. Bb2 Nd5 12. Qd2 Nxc3 13. Bxc3 Bxc3 14. Qxc3 Qc7 15. Rfd1 Rab8 16. Rac1 Rfc8 17. Bd5 Bxd5 18. Rxd5 b5 19. Qd2 bxc4 20. Rxc4 Qb7 21. Rh4 h5 22. Rg5 Kf8 23. Ra5 Rc6 24. Qh6+ Ke8 25. Rha4 Rbc8 26. e4 a6 27. Qh8+ Kd7 28. Qg7 Ke6 29. Kg2 R8c7 30. Qd4 Rc5 31. Rxa6 Qb5 32. Ra7 Rc1 33. Rxc7 Qf1+ 34. Kf3 Qh1+ 35. Kf4 Rxc7 36. Rc4 Rxc4 37. Qxc4+ Kf6 38. h4 Qe1 39. Kf3 Qh1+ 40. Ke2 e6 41. Qc3+ Ke7 42. Qc2 f5 43. exf5 gxf5 44. Qc7+ Kf6 45. Qxd6 Qe4+ 46. Kd2 Qb1 47. Qf8+ Ke5 48. Qc5+ Kf6 49. Qc3+ Ke7 50. Qc2 Qa1 51. a4 Qf1 52. Qc5+ Ke8 1-0

[Event "34th European Club Cup 2018"]
[Site "Halkidiki"]
[Date "2018.10.12"]
[Round "1"]
[White "Stillger, Bernhard"]
[Black "Marino, Danilo"]
[Result "1-0"]
[WhiteElo "2265"]
[BlackElo "1991"]
[Annotator "NA"]
[PlyCount "53"]
[EventDate "2018.10.12"]
[EventType "team-tourn"]
[EventCountry "GRE"]
[SourceTitle "playchess.com"]
[Source "ChessBase"]
[SourceQuality "1"]
[WhiteTeam "Eynatten"]
[BlackTeam "Lazio ASD"]

1. d4 f5 2. Nc3 d5 3. Bf4 Nf6 4. Nb5 Na6 5. e3 c6 6. Nc3 e6 7. Nf3 Be7 8. Bxa6 bxa6 9. O-O O-O 10. Ne5 Bb7 11. Na4 Rc8 12. Nc5 Bxc5 13. dxc5 Ne4 14. Nd3 a5 15. f3 Nf6 16. Bd6 Re8 17. Ne5 Ba6 18. Rf2 Rc7 19. Bxc7 Qxc7 20. Qd4 Rb8 21. a3 a4 22. Rd1 Qb7 23. c3 Qb5 24. c4 Qb7 25. cxd5 cxd5 26. Qxa4 Bb5 27. Qd4 1-0

[Event "34th European Club Cup 2018"]
[Site "Halkidiki"]
[Date "2018.10.12"]
[Round "1"]
[White "Rathlev, Jakob"]
[Black "Vocaturo, Daniele"]
[Result "0-1"]
[WhiteElo "2263"]
[BlackElo "2615"]
[Annotator "TA"]
[PlyCount "58"]
[EventDate "2018.10.12"]
[EventType "team-tourn"]
[EventCountry "GRE"]
[SourceTitle "playchess.com"]
[Source "ChessBase"]
[SourceQuality "1"]
[WhiteTeam "Jetsmark"]
[BlackTeam "Padova"]

1. Nf3 g6 2. c4 Bg7 3. Nc3 d6 4. g3 e5 5. Bg2 f5 6. d3 Nf6 7. O-O O-O 8. Bd2 h6 9. b4 g5 10. Qb3 Kh8 11. Rac1 Nc6 12. b5 Ne7 13. c5 f4 14. cxd6 cxd6 15. Ne4 Nf5 16. Bb4 g4 17. Nh4 Nxh4 18. gxh4 Ne8 19. Qa3 f3 20. exf3 gxf3 21. Bh1 Qxh4 22. Bxd6 Nxd6 23. Qxd6 Bh3 24. Rfe1 Rad8 25. Qg6 Rxd3 26. Ng3 Rd7 27. Re3 Qd4 28. Rce1 Qxe3 29. fxe3 f2# 0-1

[Event "34th European Club Cup 2018"]
[Site "Halkidiki"]
[Date "2018.10.12"]
[Round "1"]
[White "Friedrich, Norbert"]
[Black "Mahmuti, Ajet"]
[Result "1-0"]
[WhiteElo "2259"]
[BlackElo "1993"]
[Annotator "NA"]
[PlyCount "77"]
[EventDate "2018.10.12"]
[EventType "team-tourn"]
[EventCountry "GRE"]
[SourceTitle "playchess.com"]
[Source "ChessBase"]
[SourceQuality "1"]
[WhiteTeam "Zurich"]
[BlackTeam "Dardania"]

1. e4 e5 2. Nf3 Nc6 3. Bb5 a6 4. Ba4 Nf6 5. O-O b5 6. Bb3 Be7 7. d3 O-O 8. a4 Rb8 9. axb5 axb5 10. Nc3 d6 11. Be3 Bg4 12. h3 Bh5 13. g4 Nxg4 14. hxg4 Bxg4 15. Kg2 Kh8 16. Rh1 f5 17. exf5 Rxf5 18. Nh4 Bh5 19. Qg4 Nd4 20. Kf1 Bxh4 21. Qxh4 Qxh4 22. Rxh4 Nxb3 23. cxb3 Bf3 24. b4 h5 25. Ne4 d5 26. Ng3 Rf7 27. Nxh5 Kg8 28. d4 g5 29. Rh3 g4 30. Rh4 Rbf8 31. dxe5 Rh7 32. Bg5 Kf7 33. Ng3 Rxh4 34. Bxh4 Rc8 35. Ra6 c5 36. Ra7+ Kg6 37. Bf6 cxb4 38. Rg7+ Kh6 39. Nf5+ 1-0

[Event "34th European Club Cup 2018"]
[Site "Halkidiki"]
[Date "2018.10.12"]
[Round "1"]
[White "Zlatin, Alexander"]
[Black "Jadin, Yves"]
[Result "1-0"]
[WhiteElo "2249"]
[BlackElo "1855"]
[Annotator "NA"]
[PlyCount "73"]
[EventDate "2018.10.12"]
[EventType "team-tourn"]
[EventCountry "GRE"]
[SourceTitle "playchess.com"]
[Source "ChessBase"]
[SourceQuality "1"]
[WhiteTeam "Rehovot"]
[BlackTeam "Dudelange"]

1. e4 e5 2. Nf3 d6 3. d4 exd4 4. Nxd4 Nf6 5. Nc3 Be7 6. Be2 Bd7 7. O-O Nc6 8. Be3 O-O 9. f3 a6 10. a4 Nxd4 11. Qxd4 c5 12. Qd2 Bc6 13. Rfd1 Qb6 14. Ra3 Rad8 15. a5 Qc7 16. Bc4 Rd7 17. Qf2 Rfd8 18. Nd5 Bxd5 19. Bxd5 Nxd5 20. Rxd5 Bf6 21. c3 Qc6 22. Qc2 h6 23. Qb3 Re8 24. Ra1 Re5 25. Rad1 Rxd5 26. Rxd5 Bd8 27. Qa2 Qc7 28. c4 Kf8 29. Qa4 Qc6 30. Qd1 Bxa5 31. e5 Ke7 32. Qc2 g6 33. Qe4 Kd8 34. Qh4+ Kc7 35. exd6+ Kb8 36. b3 Rxd6 37. Rxd6 1-0

[Event "34th European Club Cup 2018"]
[Site "Halkidiki"]
[Date "2018.10.12"]
[Round "1"]
[White "Kukk, Sander"]
[Black "Antipov, Mikhail Al."]
[Result "0-1"]
[WhiteElo "2235"]
[BlackElo "2593"]
[Annotator "TA"]
[PlyCount "60"]
[EventDate "2018.10.12"]
[EventType "team-tourn"]
[EventCountry "GRE"]
[SourceTitle "playchess.com"]
[Source "ChessBase"]
[SourceQuality "1"]
[WhiteTeam "Reval"]
[BlackTeam "Molodezhka"]

1. b3 e5 2. Bb2 Nc6 3. c4 Nf6 4. Nc3 d5 5. cxd5 Nxd5 6. Nf3 Nxc3 7. dxc3 Bd6 8. e4 O-O 9. Bd3 Ne7 10. Qe2 Ng6 11. g3 Qf6 12. Nd2 Bc5 13. b4 Bb6 14. c4 c5 15. b5 Rd8 16. O-O-O a6 17. a4 axb5 18. axb5 Nf8 19. f4 Ne6 20. Bxe5 Qe7 21. Bb2 Nd4 22. Qh5 g6 23. Qh6 Bg4 24. Rde1 Ba5 25. h3 Be2 26. Rxe2 Nxe2+ 27. Kc2 Nd4+ 28. Kc1 Bxd2+ 29. Kxd2 Qd7 30. Ke1 Ra2 0-1

[Event "34th European Club Cup 2018"]
[Site "Halkidiki"]
[Date "2018.10.12"]
[Round "1"]
[White "Matovic, Mihajlo Z"]
[Black "Roiz, Michael"]
[Result "1/2-1/2"]
[WhiteElo "2234"]
[BlackElo "2607"]
[Annotator "TA"]
[PlyCount "156"]
[EventDate "2018.10.12"]
[EventType "team-tourn"]
[EventCountry "GRE"]
[SourceTitle "playchess.com"]
[Source "ChessBase"]
[SourceQuality "1"]
[WhiteTeam "Partizan"]
[BlackTeam "Beer Sheva"]

1. Nf3 Nf6 2. g3 g6 3. b3 d5 4. Bb2 c5 5. c4 d4 6. b4 Bg7 7. Bg2 O-O 8. O-O Re8 9. d3 e5 10. bxc5 Na6 11. Nbd2 Nxc5 12. Ba3 Qa5 13. Bxc5 Qxc5 14. Nb3 Qc7 15. Nfd2 Bf5 16. a4 Rad8 17. Qb1 Bf8 18. Nc1 b6 19. h3 h5 20. Na2 a5 21. Qc2 Bd7 22. Rfb1 Bc5 23. Nc1 Kg7 24. Ndb3 Bb4 25. Na2 Bd6 26. Nd2 Bc5 27. Nc1 Bb4 28. h4 Bf5 29. Na2 Bc5 30. Nc1 Re7 31. Ne4 Nxe4 32. Bxe4 Bd7 33. Qd1 f5 34. Bd5 Rde8 35. Nb3 Bb4 36. Nd2 Bc6 37. Bxc6 Qxc6 38. Nf3 Qf6 39. Ra2 e4 40. Ng5 exd3 41. Qxd3 f4 42. gxf4 Qxf4 43. Nf3 Qg4+ 44. Kh1 Qh3+ 45. Nh2 Qxd3 46. exd3 Re1+ 47. Rxe1 Rxe1+ 48. Kg2 Rd1 49. Nf3 Rxd3 50. Re2 Rc3 51. Re6 d3 52. Rxb6 Rxc4 53. Rb7+ Kf6 54. Rd7 d2 55. Rd5 Bc3 56. Rd3 Rxa4 57. Nxd2 Bxd2 58. Rxd2 Rxh4 59. Rd5 a4 60. Ra5 Rc4 61. f3 h4 62. Kh2 Kg7 63. Kh3 Kh6 64. Kg2 g5 65. Ra6+ Kh5 66. Ra5 Rb4 67. Ra8 Rb2+ 68. Kh3 Rf2 69. Rh8+ Kg6 70. Rg8+ Kf5 71. Rf8+ Ke5 72. Kg4 Rg2+ 73. Kh3 Rg3+ 74. Kh2 a3 75. Rf7 Ke6 76. Rf8 Kd5 77. f4 g4 78. f5 Rb3 1/2-1/2

[Event "34th European Club Cup 2018"]
[Site "Halkidiki"]
[Date "2018.10.12"]
[Round "1"]
[White "Marzano, Carlo"]
[Black "Hoffmann, Michael"]
[Result "0-1"]
[WhiteElo "2233"]
[BlackElo "2441"]
[Annotator "TA"]
[PlyCount "68"]
[EventDate "2018.10.12"]
[EventType "team-tourn"]
[EventCountry "GRE"]
[SourceTitle "playchess.com"]
[Source "ChessBase"]
[SourceQuality "1"]
[WhiteTeam "Lazio ASD"]
[BlackTeam "Eynatten"]

1. d4 Nf6 2. c4 e6 3. Nf3 d5 4. Nc3 Be7 5. Bg5 Nbd7 6. e3 h6 7. Bh4 O-O 8. Qc2 c5 9. cxd5 Nxd5 10. Bxe7 Nxe7 11. Be2 cxd4 12. Nxd4 Nf6 13. O-O Bd7 14. Bf3 Rb8 15. Rfd1 Qa5 16. a3 Rfc8 17. b4 Qe5 18. Qd2 Rc7 19. Rac1 Rbc8 20. Na2 b6 21. Rxc7 Rxc7 22. Rc1 Ned5 23. Rxc7 Qxc7 24. Qc1 Qxc1+ 25. Nxc1 e5 26. Ndb3 Nc3 27. Nd2 Bb5 28. g3 Kf8 29. Bg2 Ke7 30. Bf1 Bxf1 31. Kxf1 Ke6 32. Ne2 Nfe4 33. Nxe4 Nxe4 34. Ke1 Kd5 0-1

[Event "34th European Club Cup 2018"]
[Site "Halkidiki"]
[Date "2018.10.12"]
[Round "1"]
[White "Umudova, Nargiz"]
[Black "Romanov, Evgeny"]
[Result "0-1"]
[WhiteElo "2233"]
[BlackElo "2614"]
[Annotator "TA"]
[PlyCount "76"]
[EventDate "2018.10.12"]
[EventType "team-tourn"]
[EventCountry "GRE"]
[SourceTitle "playchess.com"]
[Source "ChessBase"]
[SourceQuality "1"]
[WhiteTeam "Echiquier Amaytois"]
[BlackTeam "Valerenga"]

1. e4 e5 2. Nf3 Nc6 3. Bb5 a6 4. Ba4 b5 5. Bb3 g6 6. d4 exd4 7. Nxd4 Na5 8. Nc3 Bg7 9. Qf3 Nxb3 10. Nxb3 b4 11. Nd5 a5 12. Bf4 d6 13. Rd1 Bb7 14. O-O Bxd5 15. exd5 Ne7 16. Rfe1 O-O 17. Bg5 Re8 18. Qh3 h6 19. Bxh6 Bxh6 20. Qxh6 Nxd5 21. Rxe8+ Qxe8 22. Qg5 Nb6 23. Nd4 Na4 24. Kf1 c5 25. Nf5 Qe5 26. Ne7+ Kg7 27. Qxe5+ dxe5 28. Nc6 Nxb2 29. Rd5 Na4 30. Nxe5 Nc3 31. Rxc5 Nxa2 32. Nc6 a4 33. Ke2 a3 34. Kd2 Rc8 35. Rc4 Nc3 36. Kc1 a2 37. Kb2 Ra8 38. Ka1 Re8 0-1

[Event "34th European Club Cup 2018"]
[Site "Halkidiki"]
[Date "2018.10.12"]
[Round "1"]
[White "Ostergaard, Jens"]
[Black "Kaczmarczyk, Dennis"]
[Result "0-1"]
[WhiteElo "2225"]
[BlackElo "2442"]
[Annotator "TA"]
[PlyCount "104"]
[EventDate "2018.10.12"]
[EventType "team-tourn"]
[EventCountry "GRE"]
[SourceTitle "playchess.com"]
[Source "ChessBase"]
[SourceQuality "1"]
[WhiteTeam "Hillerod"]
[BlackTeam "Winterthur"]

1. d4 d5 2. Nf3 Nf6 3. c4 e6 4. Nc3 dxc4 5. e4 b5 6. e5 Nd5 7. Nxb5 Nb6 8. g3 Bb7 9. Bg2 Be7 10. O-O O-O 11. Qe2 Nc6 12. Rd1 Rb8 13. Be3 Qd7 14. Na3 Bxa3 15. bxa3 Ne7 16. Bd2 Bd5 17. Bb4 Rfd8 18. Qc2 Nf5 19. Bc5 Qc6 20. Ne1 Bxg2 21. Nxg2 Na4 22. Bxa7 Rb2 23. d5 Rxc2 24. dxc6 Rcd2 25. Rxd2 Rxd2 26. Ne3 c3 27. Kg2 Ne7 28. Nc4 Rd3 29. Bb8 Nd5 30. Ne3 Nxe3+ 31. fxe3 c2 32. Rc1 Rc3 33. Kf2 Rxc6 34. Ke1 Nb6 35. Ba7 Rc3 36. Bxb6 cxb6 37. Kd2 Rxa3 38. Rxc2 g5 39. Rb2 h5 40. h3 Kg7 41. g4 hxg4 42. hxg4 Ra4 43. Kc3 Rxg4 44. Rxb6 Re4 45. Rb5 Rxe3+ 46. Kb2 g4 47. Rb4 g3 48. a4 Kg6 49. Rg4+ Kh5 50. Rg7 Kh4 51. Rh7+ Kg4 52. Rxf7 g2 0-1

[Event "34th European Club Cup 2018"]
[Site "Halkidiki"]
[Date "2018.10.12"]
[Round "1"]
[White "Cumming, Rhys"]
[Black "Lovik, Lasse Ostebo"]
[Result "0-1"]
[WhiteElo "2224"]
[BlackElo "2362"]
[Annotator "NA"]
[PlyCount "56"]
[EventDate "2018.10.12"]
[EventType "team-tourn"]
[EventCountry "GRE"]
[SourceTitle "playchess.com"]
[Source "ChessBase"]
[SourceQuality "1"]
[WhiteTeam "Oldham"]
[BlackTeam "SK Oslo"]

1. e4 e6 2. d4 d5 3. Nd2 c5 4. exd5 exd5 5. Ngf3 Nc6 6. Bb5 cxd4 7. Nxd4 Bd7 8. N2f3 Nf6 9. O-O Be7 10. Bg5 O-O 11. Bd3 Re8 12. Bf5 h6 13. Bh4 g5 14. Bg3 Ne4 15. Nxc6 Bxc6 16. Be5 Bc5 17. Bd4 Qb6 18. Bxc5 Qxc5 19. c3 Bb5 20. Nd4 Bxf1 21. Qh5 Qb6 22. Rxf1 Re5 23. Qh3 Nd2 24. Bc2 Nxf1 25. Qd3 Re1 26. Qh7+ Kf8 27. h4 Qf6 28. Nf3 Rc1 0-1

[Event "34th European Club Cup 2018"]
[Site "Halkidiki"]
[Date "2018.10.12"]
[Round "1"]
[White "Papadopoulos, Argirios"]
[Black "Riemersma, Li"]
[Result "0-1"]
[WhiteElo "2213"]
[BlackElo "2460"]
[Annotator "TA"]
[PlyCount "94"]
[EventDate "2018.10.12"]
[EventType "team-tourn"]
[EventCountry "GRE"]
[SourceTitle "playchess.com"]
[Source "ChessBase"]
[SourceQuality "1"]
[WhiteTeam "Chania CA"]
[BlackTeam "BSG"]

1. e4 c5 2. Nf3 e6 3. d4 cxd4 4. Nxd4 Nc6 5. Nc3 Qc7 6. Be2 a6 7. O-O Nf6 8. Be3 d6 9. f4 Be7 10. Bf3 O-O 11. g4 Nxd4 12. Bxd4 e5 13. g5 exd4 14. gxf6 dxc3 15. fxe7 Qxe7 16. bxc3 Be6 17. Qd4 Rac8 18. f5 Bc4 19. Rf2 f6 20. Rd2 Rfd8 21. a4 Bf7 22. Rb1 Rc4 23. Qa7 Rc7 24. Rd4 Be8 25. Rdb4 Bc6 26. Qd4 a5 27. Rc4 Qe5 28. Qxe5 fxe5 29. Rb5 Ra8 30. Kf2 Rd7 31. Rb6 Kf7 32. Be2 Ke7 33. Rcxc6 bxc6 34. Rxc6 Raa7 35. c4 Rdc7 36. Rb6 Rcb7 37. Rb5 Kd7 38. Ke3 Rxb5 39. cxb5 Kc7 40. Kd3 Kb6 41. Bh5 Kc5 42. Be8 Ra8 43. Bf7 Rf8 44. Be6 Rf6 45. Bd7 Rh6 46. b6 Rh3+ 47. Kd2 Kxb6 0-1

[Event "34th European Club Cup 2018"]
[Site "Halkidiki"]
[Date "2018.10.12"]
[Round "1"]
[White "Bremner, Adam"]
[Black "Lauber, Arnd"]
[Result "0-1"]
[WhiteElo "2212"]
[BlackElo "2431"]
[Annotator "TA"]
[PlyCount "80"]
[EventDate "2018.10.12"]
[EventType "team-tourn"]
[EventCountry "GRE"]
[SourceTitle "playchess.com"]
[Source "ChessBase"]
[SourceQuality "1"]
[WhiteTeam "Grantham"]
[BlackTeam "Berlin"]

1. e4 c6 2. d4 d5 3. Nc3 dxe4 4. Nxe4 Bf5 5. Ng3 Bg6 6. h4 h6 7. Nf3 e6 8. Ne5 Bh7 9. Bd3 Bxd3 10. Qxd3 Nd7 11. f4 Ngf6 12. Bd2 Bd6 13. O-O-O O-O 14. Ne4 Nxe4 15. Qxe4 f5 16. Qe2 Nf6 17. g4 fxg4 18. Nxg4 Qe8 19. Rhg1 Nxg4 20. Rxg4 h5 21. Rg5 Rf5 22. Rdg1 Rxg5 23. Rxg5 Qf7 24. Kb1 Re8 25. b3 Be7 26. Rxh5 Bf6 27. Bc3 b6 28. Qg4 c5 29. f5 cxd4 30. fxe6 Qxe6 31. Qxe6+ Rxe6 32. Bd2 Re2 33. Kc1 Rh2 34. Rd5 Rxh4 35. a4 Kf7 36. Rd7+ Ke6 37. Rxa7 Rh1+ 38. Kb2 Rd1 39. Bb4 d3+ 40. c3 Re1 0-1

[Event "34th European Club Cup 2018"]
[Site "Halkidiki"]
[Date "2018.10.12"]
[Round "1"]
[White "Gengler, Pierre"]
[Black "Rozentalis, Eduardas"]
[Result "1/2-1/2"]
[WhiteElo "2205"]
[BlackElo "2522"]
[Annotator "TA"]
[PlyCount "54"]
[EventDate "2018.10.12"]
[EventType "team-tourn"]
[EventCountry "GRE"]
[SourceTitle "playchess.com"]
[Source "ChessBase"]
[SourceQuality "1"]
[WhiteTeam "Wirtzfeld"]
[BlackTeam "KGSRL"]

1. g3 d5 2. Bg2 c6 3. d3 Nf6 4. Nd2 g6 5. e4 Bg7 6. Ne2 O-O 7. O-O dxe4 8. Nxe4 Nxe4 9. dxe4 Nd7 10. c3 Ne5 11. h3 a5 12. b3 a4 13. Be3 Qa5 14. f4 Rd8 15. Bd4 Nd7 16. Bxg7 Kxg7 17. b4 Qc7 18. Qd4+ e5 19. Qf2 Qb6 20. Rad1 Re8 21. f5 Qxf2+ 22. Rxf2 Nb6 23. g4 Nc4 24. Rf3 Nb2 25. Rd2 Nc4 26. Rd1 Nb2 27. Rd2 Nc4 1/2-1/2